00486 2200109 4500245005100000110002000051005001900071041001400090084000800104500025500112336000900367 aJihad Membela NusantaracNahdlatul UlamahText aNahdlatul Ulama a20240507134227 aIndonesia a303 aBuku ini diharapkan dapat memberikan pengetahuan secara singkat dan jelas tentang jihad sebenarnya. Dengan penegtahuan ini, konteks jihad yang sesungguhnya dapat dipahami dan diterapkan sesuai dengan kondisi masyarakat saat ini yang telah mengglobal. atext